00521nam a2200193 a 4500001001300000003000900013005001700022008004100039020000900080082001800089100001300107245005100120260003200171300000900203500003500212505003400247650003300281700001300314nice12345678IN_TiNIC20260116011550.0050524s1941 alla grp 000 0 eng  ac1500a954.025bSAR2 aSaran, P aProvincial Government of the Mughals 1526-1658 aAllahabadbKitabistanc1941 a483p aincludes index and biblioraphy2 aAppendex, Bibliography, Index aDeccan-History-muslim Period1 aSaran, P